00317nam a2200133Ia 4500008004100000041000800041082001600049100001500065245003700080260002700117300000800144365001600152700001500168230718s9999 xx 000 0 und d aeng a621.02bPAT aPatil S.A. aMechanical Processes And System c1999bTech Publication a487 cRs.b195.00 aPatil S.A.